| 000 | 01095cam a2200289I 4500 | ||
|---|---|---|---|
| 001 | 29713 | ||
| 003 | BD-RjUL | ||
| 005 | 20211209051441.0 | ||
| 008 | 140406r19501932uk 000 0 en1 u | ||
| 035 | _a(BD-RjUL)29798 | ||
| 040 |
_cOUN _dOCL _dUBA _dMYG _aBD-RjUL _beng |
||
| 041 | _aeng | ||
| 082 |
_a150.19 _bMCE 1950 |
||
| 090 |
_aBF131 _b.M182x 1933 |
||
| 100 | 1 |
_aMcDougall, William, _d1871-1938. _986718 |
|
| 245 | 1 | 4 |
_aThe energies of men : _ba study of the fundamentals of dynamic psychology / _cby William McDougall ... with six illustrations. |
| 260 |
_aNew York, _aChicago [etc.] _bC. Scribner's Sons, _c1933 [Reprinted 1950] |
||
| 300 |
_axi, 395 p. : _billus., pl. ; _c20 cm. |
||
| 500 | _a"This book is the outcome of an endeavour to present in one volume of moderate compass the most essential parts of my Outline of psychology and Outline of abnormal psychology."--Pref. | ||
| 650 | 0 |
_aPsychology. _990476 |
|
| 650 | 0 |
_aPsychology, Pathological. _990477 |
|
| 942 |
_2ddc _cBK |
||
| 946 | _at | ||
| 949 |
_ac _p39080021875973 |
||
| 999 |
_c29713 _d29713 |
||